|
|
|
|
| LEADER |
00000cam a22000002c 4500 |
| 001 |
1840062843 |
| 003 |
DE-627 |
| 005 |
20230325055250.0 |
| 007 |
cr uuu---uuuuu |
| 008 |
230324s1993 xx |||||o 00| ||eng c |
| 024 |
7 |
|
|a 10.3886/ICPSR09923.v1
|2 doi
|
| 035 |
|
|
|a (DE-627)1840062843
|
| 035 |
|
|
|a (DE-599)KXP1840062843
|
| 040 |
|
|
|a DE-627
|b ger
|c DE-627
|e rda
|
| 041 |
|
|
|a eng
|
| 084 |
|
|
|a 2,1
|2 ssgn
|
| 100 |
1 |
|
|a McEwen, J. Thomas
|e VerfasserIn
|4 aut
|
| 109 |
|
|
|a McEwen, J. Thomas
|a MacEwen, J. T.
|a MacEwen, J. Thomas
|
| 245 |
1 |
0 |
|a National Assessment Program Survey of Criminal Justice Personnel in the United States, 1986
|
| 264 |
|
1 |
|a [Erscheinungsort nicht ermittelbar]
|b [Verlag nicht ermittelbar]
|c 1993
|
| 336 |
|
|
|a Text
|b txt
|2 rdacontent
|
| 337 |
|
|
|a Computermedien
|b c
|2 rdamedia
|
| 338 |
|
|
|a Online-Ressource
|b cr
|2 rdacarrier
|
| 520 |
|
|
|a This survey probed the needs and problems facing local criminal justice practitioners. Within each sampled county, survey questionnaires were distributed to the police chief of the largest city, the sheriff, the jail administrator, the prosecutor, the chief trial court judge, the trial court administrator (where applicable), and probation and parole agency heads. Although the general topics covered in the questionnaires are similar, specific items are not repeated across the questionnaires, except for those given to the sheriffs and the police chiefs. The sheriffs surveyed were those with law enforcement responsibilities, so the questions asked of the police chiefs and the sheriffs were identical. The questionnaires were tailored to each group of respondents, and dealt with five general areas: (1) background characteristics, including staff size, budget totals, and facility age, (2) criminal justice system problems, (3) prison crowding, (4) personnel issues such as training needs and programs, and (5) operations and procedures including management, management information, and the specific operations in which the respondents were involved. In some cases, sets of question items were grouped into question batteries that dealt with specific topic areas (e.g., staff recruitment, judicial training, and number of personnel). For example, the Staff Recruitment battery items in the Probation and Parole Questionnaire asked respondents to use a 4 point scale to indicate the seriousness of each of the following problems: low salaries, poor image of corrections work, high entrance requirements, location of qualified staff, shortage of qualified minority applicants, and hiring freezes.
|
| 540 |
|
|
|a ICPSR Terms of Use
|
| 650 |
|
4 |
|a budgets
|
| 650 |
|
4 |
|a correctional facilities
|
| 650 |
|
4 |
|a Courts
|
| 650 |
|
4 |
|a CRIMINAL justice system
|
| 650 |
|
4 |
|a law enforcement agencies
|
| 650 |
|
4 |
|a personnel
|
| 650 |
|
4 |
|a personnel management
|
| 650 |
|
4 |
|a police departments
|
| 650 |
|
4 |
|a Prison administration
|
| 650 |
|
4 |
|a prison overcrowding
|
| 650 |
|
4 |
|a Training
|
| 655 |
|
7 |
|a Forschungsdaten
|0 (DE-588)1098579690
|0 (DE-627)857755366
|0 (DE-576)469182156
|2 gnd-content
|
| 700 |
1 |
|
|a Connors, Edward
|e MitwirkendeR
|4 ctb
|
| 700 |
1 |
|
|a Webster, Barbara
|e MitwirkendeR
|4 ctb
|
| 856 |
4 |
0 |
|u https://doi.org/10.3886/ICPSR09923.v1
|x Resolving-System
|z kostenfrei
|3 Volltext
|7 0
|
| 935 |
|
|
|a mkri
|
| 951 |
|
|
|a BO
|
| ELC |
|
|
|a 1
|
| LOK |
|
|
|0 000 xxxxxcx a22 zn 4500
|
| LOK |
|
|
|0 001 4296810502
|
| LOK |
|
|
|0 003 DE-627
|
| LOK |
|
|
|0 004 1840062843
|
| LOK |
|
|
|0 005 20230324125317
|
| LOK |
|
|
|0 008 230324||||||||||||||||ger|||||||
|
| LOK |
|
|
|0 035
|a (DE-2619)ICPSR9923
|
| LOK |
|
|
|0 040
|a DE-2619
|c DE-627
|d DE-2619
|
| LOK |
|
|
|0 092
|o n
|
| LOK |
|
|
|0 852
|a DE-2619
|
| LOK |
|
|
|0 852 1
|9 00
|
| LOK |
|
|
|0 935
|a foda
|a nacj
|
| LOK |
|
|
|0 939
|a 24-03-23
|b l01
|
| OAS |
|
|
|a 1
|
| ORI |
|
|
|a SA-MARC-krimdoka001.raw
|